| 000 | 00591nam a22002057a 4500 | ||
|---|---|---|---|
| 999 |
_c191573 _d191573 |
||
| 005 | 20220830105817.0 | ||
| 010 | _aENG-134775 | ||
| 020 |
_a9788179261415 _c299.00 |
||
| 035 | _aEN-118307 | ||
| 037 |
_bDBAD/PUB _a- |
||
| 082 | _aN | ||
| 100 | _aGERTOPAN,SUSANA | ||
| 245 |
_aThe Dark Alley _cSusana Gertopan and translated by Subrata Guha ,Sonali Datta |
||
| 260 |
_aKolkata _bBest Books |
||
| 270 |
_a1A College Row,,15 wards institution street _bkolkata _e700006 |
||
| 300 |
_a215 p. _c21 cm(pbk) |
||
| 700 | _aSubrata Guhu | ||
| 700 | _aSonali Dutta | ||
| 942 |
_2ddc _cEN _hN _mGER |
||